|
|
|
|
| LEADER |
01198nam a22003258a 4500 |
| 001 |
000013395 |
| 003 |
9736 |
| 005 |
20120604080614.0 |
| 008 |
120314s1999 b 000 0 vieod |
| 020 |
|
|
|c 10000
|d 1500b
|
| 041 |
0 |
|
|a vie
|
| 082 |
|
|
|a 540.76
|b NG-D
|
| 084 |
|
|
|a D1z72
|b TR100L
|
| 100 |
1 |
|
|a Nguyễn Đình Độ
|e Tác giả
|
| 245 |
1 |
0 |
|a Trả lời câu hỏi lý thuyết Hoá đại cương hoá vô cơ theo phương pháp chủ đề
|b Trong bộ đề thi mới
|c Nguyễn Đình Độ
|
| 260 |
|
|
|a Đà Nẵng
|b Nxb. Đà Nẵng
|c 1999
|
| 300 |
|
|
|a 159tr : hình vẽ
|c 21cm
|
| 490 |
|
|
|a Tủ sách hiếu học. Sách đọc thêm cho học sinh
|
| 653 |
|
|
|a Hoá học đại cương
|
| 653 |
|
|
|a hoá học vô cơ
|
| OWN |
|
|
|a LSP
|
| AVA |
|
|
|a UDN50
|b LSP
|d 540.76 NG-D
|e available
|t Error 5001 Not defined in file expand_doc_bib_avail.
|f 4
|g 0
|h N
|i 0
|k 1
|
| 999 |
|
|
|a From the UDN01
|
| AVA |
|
|
|a UDN50
|b LSP
|d 540.76 NG-D
|e available
|t Error 5001 Not defined in file expand_doc_bib_avail.
|f 4
|g 0
|h N
|i 0
|k 1
|
| TYP |
|
|
|a Monograph
|
| TYP |
|
|
|a Printed language
|
| 980 |
|
|
|a Mạng thư viện Đại học Đà Nẵng
|